| 000 | 02730cam a2200577 i 4500 | ||
|---|---|---|---|
| 001 | sjds2165838 | ||
| 003 | sjds | ||
| 005 | 20210216163751.0 | ||
| 008 | 100217t20102010txua b 000 0 eng | ||
| 010 | _a 2009053971 | ||
| 020 | _a9781558855861 (alk. paper) | ||
| 020 | _a1558855866 (alk. paper) | ||
| 035 | _a(OCoLC)521625125 | ||
| 040 |
_aDLC _beng _erda _cDLC _dIG# _dYDXCP _dTXH _dSAP _dQBX _dVP@ _dIFA _dUtOrBLW |
||
| 041 | 1 |
_aeng _aspa _heng |
|
| 049 | _aIFAA | ||
| 099 |
_a398.2 _f2010 |
||
| 100 | 1 |
_aLuna, James _q(James G.), _d1962- |
|
| 245 | 1 | 3 |
_aEl cochinito fugitivo = _bThe runaway piggy / _cpor James Luna ; ilustraciones de Laura Lacamara ; traduccino al español de Carolina Villarroel = by James Luna ; illustrations by Laura Lacamara ; Spanish translation by Carolina Villarroel |
| 246 | 3 | 1 | _aEl cochinito fugitivo |
| 246 | 3 | 1 | _aRunaway piggy |
| 246 | 3 | 1 | _aThe runaway piggy |
| 260 |
_aHouston, Tex. : _bPinata Books _cc2010 |
||
| 264 | 1 |
_aHouston, Tex. : _bPinata Books, _c[2010] |
|
| 264 | 4 | _cc2010 | |
| 300 |
_a1 volume (unpaged) : _bcolor illustrations ; _c29 cm |
||
| 336 |
_atext _btxt _2rdacontent |
||
| 337 |
_aunmediated _bn _2rdamedia |
||
| 338 |
_avolume _bnc _2rdacarrier |
||
| 500 | _a"Pinata Books are full of surprises! = Pianta Books estna llenos de sorpresas!"--T.p. verso. | ||
| 520 | _aA Mexican piggy cookie escapes from the bakery before it can be eaten and eludes an ever-growing line of people pursuing it. Includes recipe for piggy cookies. | ||
| 520 | _aUna galleta de cochinito quiere ser el cochinito que jamas coman y se huye de la panadería. Corre calle abajo perseguido por la gente del pueblo. El libro incluye una receta para cocinar las galletas. | ||
| 521 | 8 |
_a520L _bLexile |
|
| 521 | 3 |
_aDecoding demand: 67 (high) _aSemantic demand: 62 (high) _aSyntactic demand: 82 (very high) _aStructure demand: 81 (very high) _bLexile |
|
| 526 | 0 |
_aAccelerated Reader _bLG _c3.1 _d0.5 _z138367SP |
|
| 526 | 0 |
_aAccelerated Reader AR _bLG _c3.1 _d0.5 _z138367. _zSpanish |
|
| 526 | 0 |
_aAccelerated Reader AR _bLG _c2.9 _d0.5 _z138367. _zEnglish |
|
| 546 | _aParallel text in English and Spanish. | ||
| 650 | 0 | _aFairy tales. | |
| 650 | 0 |
_aFolklore _vJuvenile literature. |
|
| 650 | 0 |
_aCookies _vJuvenile fiction. |
|
| 650 | 0 |
_aSpanish language materials _xBilingual _vJuvenile literature. |
|
| 650 | 7 |
_aCuentos de hadas _vLiteratura juvenil. _2bidex |
|
| 650 | 7 |
_aFolklore _vLiteratura juvenil. _2bidex |
|
| 650 | 7 |
_aGalletas _vNovela juvenil. _2bidex |
|
| 650 | 7 |
_aMateriales bilingues en espanol _vLiteratura juvenil. _2bidex |
|
| 700 | 1 |
_aLacamara, Laura, _eillustrator. |
|
| 700 | 1 | _aVillarroel, Carolina. | |
| 730 | 0 |
_aGingerbread boy. _lSpanish & English. |
|
| 942 |
_cBK _2ddc |
||
| 999 |
_c25263 _d25263 |
||